TCS Levels by Image of Ceiling - Statistics

General Stats
  • This quiz has been taken 49 times
  • The average score is 20 of 36
Answer Stats
Picture Answer % Correct
Escape from Naboo
85%
Kashyyyk
85%
Bounty Hunter Pursuit
83%
Count Dooku
83%
Discovery on Kamino
83%
Escape from Echo Base
83%
Rebel Attack
83%
Jedi Battle
78%
Chancellor in Peril
75%
Hoth Battle
75%
Speeder Showdown
75%
Droid Factory
73%
Gunship Cavalry
70%
Into the Death Star
68%
Cloud City Trap
65%
Mos Espa Podrace
60%
Ruin of the Jedi
60%
Betrayal Over Bespin
58%
Jedi Destiny
55%
Through the Jundland Wastes
53%
Battle Over Coruscant
50%
Mos Eisley Spaceport
50%
General Grievous
48%
Negotiations
45%
Dagobah
43%
Darth Vader
43%
Falcon Flight
43%
Battle of Endor
35%
Rescue the Princess
35%
Retake Theed Palace
35%
Invasion of Naboo
33%
The Great Pit of Carkoon
33%
Darth Maul
30%
Jabba's Palace
28%
Secret Plans
28%
Death Star Escape
23%
No matching quizzes found
Score Distribution
Percent of People with Each Score
Percentile by Number Answered
Your Score History
You have not taken this quiz